[Event "Poti Aleksandria Cup 5th"]
[Site "Poti"]
[Date "2010.07.15"]
[Round "5"]
[White "Kharatyan, Anahit"]
[Black "Kosashvili, Otar"]
[Result "1-0"]
[WhiteElo "2080"]
[BlackElo "1812"]
[PlyCount "59"]
[EventDate "2010.07.11"]
[EventType "swiss"]
[EventRounds "9"]
[EventCountry "GEO"]
[SourceTitle "CBM 137 Extra"]
[Source "ChessBase"]
[SourceDate "2010.09.01"]
[SourceVersion "1"]
[SourceVersionDate "2010.09.01"]
[SourceQuality "1"]

1. e4 c5 2. Nc3 Nc6 3. g3 g6 4. Bg2 Bg7 5. d3 d6 6. Be3 e6 7. Qd2 Nge7 8. Bh6 Bxh6 9. Qxh6 Nd4 10. Qd2 Nec6 11. Nd1 e5 12. c3 Ne6 13. Ne3 0-0 14. Ne2 Nc7 15. h4 f5 16. f4 Be6 17. h5 d5 18. exd5 Nxd5 19. hxg6 hxg6 20. fxe5 Nxe5 21. 0-0-0 Qd7 22. Bxd5 Bxd5 23. Nxd5 Qxd5 24. d4 Ng4 25. Qg5 Rf6 26. Qh4 Kf7 27. Nf4 Qxa2 28. Qh7+ Kf8 29. Qxb7 Kg8 30. Qxa8+ 1-0

[Event "Tbilisi Municipality Cup"]
[Site "Tbilisi"]
[Date "2009.06.16"]
[Round "2"]
[White "Kosashvili, Otar"]
[Black "Purtseladze, Maka"]
[Result "0-1"]
[WhiteElo "1790"]
[BlackElo "2327"]
[PlyCount "60"]
[EventDate "2009.06.15"]
[EventType "swiss"]
[EventRounds "9"]
[EventCountry "GEO"]
[SourceTitle "CBM 130 Extra"]
[Source "ChessBase"]
[SourceDate "2009.07.02"]
[SourceVersion "2"]
[SourceVersionDate "2009.07.15"]
[SourceQuality "1"]

1. e4 c6 2. d4 d5 3. Nd2 dxe4 4. Nxe4 Bf5 5. Ng3 Bg6 6. Nf3 Nd7 7. h4 h6 8. Bd3 Bxd3 9. Qxd3 e6 10. Bf4 Qa5+ 11. Bd2 Qc7 12. Ne4 Ngf6 13. c4 0-0-0 14. 0-0-0 c5 15. Be3 cxd4 16. Nxf6 Nc5 17. Qc2 dxe3 18. Ng4 exf2 19. Rxd8+ Qxd8 20. Nxf2 Qc7 21. b4 Nd7 22. a3 Ne5 23. Nxe5 Qxe5 24. Kb1 Be7 25. Ne4 f5 26. Nd2 Bf6 27. Nb3 Rd8 28. Rf1 Rd3 29. Rf2 Rxb3+ 30. Qxb3 Qe1+ 0-1